Gene control (Record no. 19283)

MARC details
000 -LEADER
fixed length control field 00462nam a2200181Ia 4500
008 - FIXED-LENGTH DATA ELEMENTS--GENERAL INFORMATION
fixed length control field 230917s9999||||xx |||||||||||||| ||und||
020 ## - ISBN
Price GBP60
040 ## - CATALOGING SOURCE
-- 233981
Original cataloging agency VIVEKANANDA LIBRARY
041 ## - Language
-- English
082 ## - DDC NUMBER
Classification number 572.865 L342G
100 ## - MAIN ENTRY--PERSONAL NAME
Personal name Latchman, David S
245 #0 - TITLE STATEMENT
Title Gene control
250 ## - EDITION STATEMENT
Edition statement 2nd ed.
260 ## - PUBLICATION, DISTRIBUTION, ETC. (IMPRINT)
Place of publication, distribution, etc New York
Name of publisher, distributor, etc Garland Science
Date of publication, distribution, etc 2015
300 ## - PHYSICAL DESCRIPTION
Pages xxi, 505 p.
500 ## - GENERAL NOTE
General note 2396 30/09/2016 RBP16/61956 07/10/2016 Main Budget
942 ## - ADDED ENTRY ELEMENTS (KOHA)
Koha item type Books
Holdings
Withdrawn status Lost status Damaged status Not for loan Location (home branch) Sublocation or collection (holding branch) Date acquired Koha issues (times borrowed) Koha full call number Accession No. Koha date last seen Koha item type
        VIVEKANANDA LIBRARY VIVEKANANDA LIBRARY 10/11/2016 1 572.865 L342G 358743 26/11/2024 Books
© Designed and Maintained by Vivekananda Library, MDU Rohtak